Electrical engineering

Bibliographic Details
Main Author: Rajput, R.K
Format: Book
Published: New Delhi : Laxmi Publications (P) Ltd , 2008
Subjects:

MARC

LEADER 00000cam a2200000 7i4500
001 0000039248
005 20131213.0
008 131213
020 |a 8131800717 
090 0 0 |a 621.3   |b RAJ 
100 1 |a Rajput, R.K 
245 1 0 |a Electrical engineering   |c by R.K. Rajput 
260 |a New Delhi :   |b Laxmi Publications (P) Ltd ,   |c 2008 
650 0 |a Electrical engineering 
999 |a 0001257501   |b Book   |c Adult Collection   |e Perbadanan Perpustakaan Awam Johor